Statistics for Fallout 4 quiz

Click here to take the quiz!

General Stats

  • This quiz has been taken 729 times
  • The average score is 13 of 30

Answer Stats

Answer% Correct
The vault you start in?111
97%
The name of the last minuteman?Preston Garvey
85%
The name of the faction whom wear power armour?Brotherhood of Steel
68%
Where do you find that minuteman?Concord
67%
Name of the mercenary group who wear green?Gunners
63%
Large green skin creatures?Super Mutants
63%
The type of power armour suit you get when you find 'the last minuteman'?T-45
59%
Name of your son?Shaun
58%
The name of the city that the game is set in?Boston
57%
Who is the detective in diamond city?Nick Valentine
56%
The company that makes the vaults?Vault-tec
55%
Who are the people who kidnap your son?The Institute
48%
Who are the people who help synths?The Railroad
48%
Mutated chameleons?Deathclaws
43%
The name of the radio DJ at diamond city radio?Travis
43%
The name of the Thug who works with the people who kidnapped your son?Kellogg
42%
The best power armour in the game?X-01
42%
The name of the most irradiated area in the whole game?The Glowing Sea
39%
The name of the ghoul of that settlement, of the question above?Hancock
38%
Name of the costume hero who uses a Tommy gun?The Silver Shroud
38%
Mutated mosquitoes?Bloodbugs
35%
Type of breed of your pet companion?German shepard
33%
Name of the settlement that is run by a ghoul?Goodneighbour
26%
The real name of 'the castle'?Fort Independence
23%
Nickname of diamond city?The Great Green Jewel
20%
The year that you're in before and after the atomic war?2077 - 2287
14%
The colourofs your house before the atomic blast?Blue and white
5%
The real name of the ship that got stuck up top a bank?USS Independence
4%
The name of the device you wear around your wrist?Pipboy 3000 mark IV
3%
Name of their superweapon? (Above answer)Prydwn
2%

Score Distribution

Percentile by Number Answered

Percent of People with Each Score

Your Score History

You have not taken this quiz